Robert Sean Leonard movies/serials - Statistics

General Stats
  • This quiz has been taken 26 times
  • The average score is 13 of 27
Answer Stats
Year Answer % Correct
1989 Dead poets society
100%
2003 A painted house
95%
2004-2012 House md
95%
1998 The last days of disco
68%
1999 Ground control
63%
1987 My best friend is a vampire
63%
1993 Swing kids
63%
1991 Married to it
58%
1993 Much ado about nothing
58%
2001 Tape
58%
1997 In the gloaming
53%
1994 Safe passage
53%
1993 The age of innocence
53%
1996 The boys next door
53%
2001 Driven
47%
1986 The Manhattan project
47%
1987 Bluffing it
37%
2001 Chelsea walls
37%
1998 Standoff
37%
2011-2015 Falling skies
32%
1990 Mr and Mrs Bridge
32%
2001 A glimpse of hell
26%
2004 The I inside
26%
1995 Killer: a journal of murder
16%
1986 My two lovers
16%
2010 Blue bloods
11%
1999 Wasteland
11%
No matching quizzes found
Score Distribution
Percent of People with Each Score
Percentile by Number Answered
Your Score History
You have not taken this quiz